| 000 | 01103cab a2200277 4500 | ||
|---|---|---|---|
| 001 | ABS60022 | ||
| 008 | 090401t1999 xxu||||| |||| 00| 0 eng d | ||
| 035 | _a(Sirsi) u91028 | ||
| 041 | _aeng | ||
| 100 | _aGhanbari-Parsa, A. R. | ||
| 245 | _aISO 9000 standards: perceptions and experience in the UK construction industry | ||
| 260 | _c1999 | ||
| 350 | _a0 | ||
| 490 |
_aConstruction Management and Economics _v17(1) January 1999, 107-119(13) |
||
| 520 | _aReports on the results of research carried out on the implementation of BS EN ISO 9000 as a continuation of BS5750 in the UK construction industry from the view point of the experiences and perceptions of quality assurance managers of selected construction firms. (Taken from journal abstract). | ||
| 650 | _aCONSTRUCTION FIRMS | ||
| 650 | _aCONSTRUCTION INDUSTRY | ||
| 650 | _aISO 9000 | ||
| 650 | _aQUALITY ASSURANCE | ||
| 650 | _aQUALITY MANAGEMENT SYSTEMS | ||
| 690 | _aMANAGEMENT-BUSINESS MANAGEMENT-PROFESSIONAL PRACTICE | ||
| 700 | _aKagaya, S. | ||
| 700 | _aMoatazed-Keivani, R. | ||
| 942 | _n0 | ||
| 948 | _c02/02/1999 | ||
| 999 |
_c57759 _d57759 |
||